00000000nam 2200000za 4500
0019.833131
003CaOODSP
00520221107150142
007cr |||||||||||
008170227t2017    onc     o    f000 0 fre d
020 |a978-0-660-07785-7
040 |aCaOODSP|bfre
043 |an-cn---
0861 |aCW69-14/487-2017F-PDF
24500|aÉvaluation et rapport de situation du COSEPAC sur la Mulette feuille d'érable, Quadrula quadrula, population des Grands Lacs et du haut Saint–Laurent, population de la rivière Saskatchewan et du fleuve Nelson, au Canada |h[ressource électronique].
24615|aRapport de situation du COSEPAC sur la Mulette feuille d’érable, Quadrula quadrula, au Canada
260 |aOttawa : |bEnvironnement et Changement climatique Canada, |c2017, c2016.
300 |axviii, 92 p. : |bfigures.
500 |aPubl. aussi en anglais sous le titre : COSEWIC assessment and status report on the Mapleleaf, Great Lakes - Upper St. Lawrence population, Saskatchewan - Nelson Rivers population, in Canada.
500 |aTite de la couv.
500 |a« Population des Grands Lacs et du haut Saint–Laurent - Préoccupante ; Population de la rivière Saskatchewan et du fleuve Nelson - Menacée, 2016. »
500 |a« Le COSEPAC souhaite remercier David Zanatta, Jordan Hoffman et Joseph Carney d’avoir rédigé le rapport de situation sur la mulette feuille d’érable. »
69207|2gccst|aEspèce menacée
69207|2gccst|aConservation de la nature
69207|2gccst|aMollusque
7001 |aZanatta, David Thomas,|d1975-
7001 |aHoffman, Jordan.
7001 |aCarney, Joseph Patrick,|d1958-
7102 |aComité sur la situation des espèces en péril au Canada.
7101 |aCanada. |bEnvironnement et changement climatique Canada.
7102 |aService canadien de la faune.
77508|tCOSEWIC assessment and status report on the Mapleleaf, Quadrula quadrula, Great Lakes - Upper St. Lawrence population, Saskatchewan - Nelson Rivers population, in Canada |w(CaOODSP)9.833130
795 |tÉvaluation et rapport de situation du COSEPAC sur la Mulette feuille d'érable Quadrula quadrula : population de la Saskatchewan - Nelson, population des Grands Lacs - Ouest du Saint-Laurent au Canada |w(CaOODSP)9.593209
85640|qPDF|s2.32 Mo|uhttps://publications.gc.ca/collections/collection_2017/eccc/CW69-14-487-2017-fra.pdf